000 00576nam a2200193Ia 4500
003 OSt
005 20251014164837.0
008 220922b |||||||| |||| 00| 0 hin d
037 _cTB
040 _aARTS
_cARTS
_bhin
041 _2hin
_ahin
084 _aO152,1JKRx K4
_qAL
100 _aकृपाराम
_9156280
245 0 _aहिततरंगिनी
246 _aHitataranginī
260 _aनागपुर
_b विश्वभारती
_c1964
942 _hO152,1JKR, K4
_cTB
_2CC
_n0
999 _c383153
_d383153